| 000 | 00726nam a2200241Ia 4500 | ||
|---|---|---|---|
| 003 | GCL | ||
| 008 | 140319s9999 xx 000 0 ara d | ||
| 040 |
_aGCL / _cGCL |
||
| 082 | 0 | 4 |
_a361 _bس م |
| 100 | 1 | _aالسيد رمضان | |
| 245 | 1 | 0 |
_aمدخل فى الرعاية الاجتماعية / _cالسيد رمضان |
| 700 | 1 | _aسلوى عثمان الصديقى | |
| 260 |
_a[S.N] : _bالمكتب الجامعى الحديث ، _c1991 |
||
| 300 | _a326 ص | ||
| 490 | _a | ||
| 650 | 0 | 4 | _aمصر |
| 650 | 0 | 4 | _aالخدمة الاجتماعية |
| 650 | 0 | 4 | _aالجمعيات الخيرية |
| 650 | 0 | 4 | _aخدمة الجماعة |
| 650 | 0 | 4 | _aالفقراء |
| 650 | 0 | 4 | _aالشيخوخة |
| 942 |
_2ddc _cBK |
||
| 999 |
_c55990 _d55990 |
||